Osiewicz, Marek. Wariantywność leksemów w zakresie nieseryjnych zmian fonetycznych w listach polskich z pierwszej połowy XVI wieku. - Poznań : PTPN. Wydz. Filol.-Filoz. - 2007 [Rezension]
| Titel: | Osiewicz, Marek. Wariantywność leksemów w zakresie nieseryjnych zmian fonetycznych w listach polskich z pierwszej połowy XVI wieku. - Poznań : PTPN. Wydz. Filol.-Filoz. - 2007 [Rezension] |
|---|---|
| Verfasser: | |
| In: |
Slavia Occidentalis, Band 65 (2008), Seite 167-171 alle Artikel anzeigen |
| Veröffentlicht: | 2008 |
| Format: | Aufsatz |
| Sprache: | Polnisch |
X
alg: 39509987 001A $01999:12-11-16 001B $01999:04-08-21 $t21:04:45.000 001D $01999:12-11-16 001U $0utf8 001X $00 002@ $0Aox 003@ $0395099870 007A $0395099870 $aHEB 007T $0Herda26099h 010@ $apol 011@ $a2008 021A $aOsiewicz, Marek. Wariantywność leksemów w zakresie nieseryjnych zmian fonetycznych w listach polskich z pierwszej połowy XVI wieku. - Poznań : PTPN. Wydz. Filol.-Filoz. - 2007 [Rezension] 028A $aLisowski $dTomasz 031A $d65 $h167-171 $j2008 039B $aIn $8--Abvc--. Slavia Occidentalis. - Poznań : Wydawn. PTPN, 1921-. - ISSN 0081-0002 $x200800000650000833 $9047502010 039T $8--Aax--Osiewicz, Marek. Wariantywność leksemów w zakresie nieseryjnych zmian fonetycznych w listach polskich z pierwszej połowy XVI wieku. - Poznań : PTPN. Wydz. Filol.-Filoz, 2007. - 135, nlb. 4 $9395652812 045F $a900.9438 $eDDC23BSB 045F/01 $a900 045F/03 $g438 045T $a8,1 $a7,41 $a7,39 lok: 39509987 78 exp: 39509987 78 1 #EPN 201B/01 $018-11-16 $t13:44:45.000 201U/01 $0utf8 203@/01 $0791398501 208@/01 $a12-11-16 $be 209A/01 $a/ $f000 $x00 220C/01 $aHerkunft: PBB/IH PAN 244Z/01 $2Trx $#Poola $#Lenkija $#Polija $#Polen Land $#Poland $#Lengyelország $#Poľsko $#Polsko $8--Trx--Polska$gkraj $x01 $9391345966 244Z/01 $2Trx $#arvustused $#recenzijos $#Reviews $#recenziók $#recenzje $#recenzie $#recenze $8--Trx--Rezensionen $x02 $9391357441 247C/01 $82080>Marburg/Lahn, Herder-Institut, Forschungsbibliothek, Bibliographieportal $9336309341
| LEADER | 00000caa a22000002c 4500 | ||
|---|---|---|---|
| 001 | 395099870 | ||
| 003 | DE-603 | ||
| 005 | 20210804210445.0 | ||
| 007 | tu | ||
| 008 | 161112s2008 xx |||| | u00||u|pol c | ||
| 035 | |a (DE-599)HEB395099870 | ||
| 040 | |a DE-603 |b ger |c DE-603 |d DE-603 | ||
| 041 | |a pol | ||
| 082 | 0 | 4 | |8 1\u |a 900.9438 |q DE-101 |2 23/BSB |
| 084 | |a 8,1 |a 7,41 |a 7,39 |2 ssgn | ||
| 085 | |8 1\u |b 900 | ||
| 085 | |8 1\u |z 2 |s 438 | ||
| 100 | 1 | |a Lisowski, Tomasz | |
| 245 | 0 | 0 | |a Osiewicz, Marek. Wariantywność leksemów w zakresie nieseryjnych zmian fonetycznych w listach polskich z pierwszej połowy XVI wieku. - Poznań : PTPN. Wydz. Filol.-Filoz. - 2007 [Rezension] |
| 264 | 0 | |c 2008 | |
| 773 | 0 | 8 | |i In |t Slavia Occidentalis |d Poznań : Wydawn. PTPN, 1921- |x 0081-0002 |g Band 65 (2008), Seite 167-171 |w (DE-603)047502010 |w (DE-600)339118-8 |
| 787 | 0 | 8 | |i Rezension von |a Osiewicz, Marek |t Wariantywność leksemów w zakresie nieseryjnych zmian fonetycznych w listach polskich z pierwszej połowy XVI wieku |d Poznań : PTPN. Wydz. Filol.-Filoz, 2007 |h 135, nlb. 4 |w (DE-603)395652812 |
| 924 | 0 | |9 2080 |a (DE-603)791398501 |b DE-2080 |c HES |d d |g / | |


